[Event "Mundial Juvenil 2005 s14"]
[Site "Belfort FRA"]
[Date "2005.07.24"]
[Round "6.12"]
[White "Recuero Guerra, David"]
[Black "Holvason, Juri"]
[Result "0-1"]
[WhiteElo "2261"]
[BlackElo "1599"]
[PlyCount "60"]
[EventDate "2005.07.19"]
[EventType "swiss"]
[EventRounds "11"]
[EventCountry "FRA"]
[Source "lmi"]
[SourceDate "2005.07.31"]

1. e4 c5 2. Nc3 Nc6 3. g3 g6 4. Bg2 Bg7 5. d3 d6 6. f4 Nf6 7. Nf3 Bg4 8. h3
Bxf3 9. Bxf3 Nd4 10. O-O O-O 11. Bg2 e6 12. Be3 Nd7 13. g4 Rb8 14. Qd2 b5 15.
f5 b4 16. Nd1 exf5 17. gxf5 Qh4 18. c3 Nc6 19. Bg5 Qh5 20. f6 Bh8 21. Rf2 bxc3
22. bxc3 Rfe8 23. Qf4 Nce5 24. Bf1 h6 25. Bxh6 Bxf6 26. d4 cxd4 27. cxd4 g5 28.
Qf5 Nf3+ 29. Rxf3 Bxd4+ 30. Kg2 Bxa1 0-1

[Event "Mundial Juvenil 2005 s14"]
[Site "Belfort FRA"]
[Date "2005.07.24"]
[Round "6.13"]
[White "Benidze, David"]
[Black "Krivec, Sandi"]
[Result "1-0"]
[WhiteElo "2243"]
[BlackElo "1599"]
[PlyCount "83"]
[EventDate "2005.07.19"]
[EventType "swiss"]
[EventRounds "11"]
[EventCountry "FRA"]
[Source "lmi"]
[SourceDate "2005.07.31"]

1. d4 d5 2. c4 e6 3. Nc3 Nf6 4. Bg5 Be7 5. Nf3 O-O 6. e3 a6 7. cxd5 exd5 8. Bd3
c6 9. O-O Nbd7 10. Rc1 Re8 11. h3 Ne4 12. Bf4 Ndf6 13. Ne5 Nxc3 14. bxc3 g6 15.
c4 Bf8 16. Bg5 Be7 17. Bf4 Nh5 18. Bh2 Be6 19. Rb1 dxc4 20. Nxc4 Bxc4 21. Bxc4
b5 22. Bb3 c5 23. dxc5 Bxc5 24. Qf3 Qe7 25. Rbc1 Rac8 26. Rfd1 Nf6 27. Rxc5
Qxc5 28. Qxf6 Qe7 29. Qxa6 Red8 30. Rxd8+ Qxd8 31. Be5 Rc5 32. Bd4 Rc1+ 33. Kh2
Qc7+ 34. f4 Qc6 35. Qa7 Qc7 36. Qa8+ Qc8 37. Qd5 Qe8 38. Bb2 Rc8 39. Qd4 Kf8
40. Qg7+ Ke7 41. Ba3+ Kd8 42. Qf6+ 1-0

[Event "Mundial Juvenil 2005 s14"]
[Site "Belfort FRA"]
[Date "2005.07.24"]
[Round "6.14"]
[White "Rojas Alarcon, Julian Antonio"]
[Black "Kruglyakov, Pavlo"]
[Result "0-1"]
[WhiteElo "1599"]
[BlackElo "2242"]
[PlyCount "69"]
[EventDate "2005.07.19"]
[EventType "swiss"]
[EventRounds "11"]
[EventCountry "FRA"]
[Source "lmi"]
[SourceDate "2005.07.31"]

1. Nf3 c5 2. g3 Nc6 3. c4 g6 4. Bg2 Bg7 5. Nc3 e5 6. O-O Nge7 7. a3 O-O 8. Rb1
f5 9. d3 d6 10. Bd2 a5 11. Nd5 h6 12. b4 axb4 13. axb4 Nxd5 14. cxd5 Nxb4 15.
Bxb4 cxb4 16. Rxb4 Ra2 17. Ra4 Rb2 18. Nd2 b5 19. Ra3 Qc7 20. Rb3 Qc2 21. Rxb2
Qxb2 22. Qc1 Qa2 23. Rd1 e4 24. dxe4 b4 25. Qb1 Qxb1 26. Rxb1 Bc3 27. Nb3 Ba6
28. Nc1 Bc4 29. e3 Kg7 30. Bf1 Bxf1 31. Kxf1 Be5 32. Na2 Ra8 33. Nc1 Kf6 34.
Ne2 Ke7 35. Rc1 0-1

[Event "Mundial Juvenil 2005 s14"]
[Site "Belfort FRA"]
[Date "2005.07.24"]
[Round "6.15"]
[White "Hansen-Cherstiouk, Alexei"]
[Black "Alza, Agustin"]
[Result "1-0"]
[WhiteElo "2019"]
[BlackElo "2167"]
[PlyCount "65"]
[EventDate "2005.07.19"]
[EventType "swiss"]
[EventRounds "11"]
[EventCountry "FRA"]
[Source "lmi"]
[SourceDate "2005.07.31"]

1. e4 c5 2. Nf3 e6 3. d4 cxd4 4. Nxd4 Nf6 5. Nc3 d6 6. g4 h6 7. h4 Nc6 8. Nxc6
bxc6 9. Qf3 Qb6 10. Bd3 Be7 11. Bd2 Bd7 12. O-O-O Rb8 13. b3 Bc8 14. Kb1 c5 15.
g5 Nd7 16. gxh6 gxh6 17. Bb5 a6 18. Ba4 Bb7 19. Bxd7+ Kxd7 20. Qxf7 Rbf8 21.
Qh5 Rxf2 22. Be3 Qb4 23. Rd3 c4 24. Rd4 Qxc3 25. Bxf2 cxb3 26. axb3 Rc8 27. Qd1
Rc6 28. Be1 Qe3 29. Rf1 Qh3 30. Rf7 Qh1 31. e5 Ke8 32. Rh7 d5 33. Rxe7+ 1-0

[Event "Mundial Juvenil 2005 s14"]
[Site "Belfort FRA"]
[Date "2005.07.24"]
[Round "6.16"]
[White "Martinovic, Sasa"]
[Black "Yilmaz, Mustafa"]
[Result "1-0"]
[WhiteElo "2139"]
[BlackElo "1599"]
[PlyCount "85"]
[EventDate "2005.07.19"]
[EventType "swiss"]
[EventRounds "11"]
[EventCountry "FRA"]
[Source "lmi"]
[SourceDate "2005.07.31"]

1. d4 d5 2. c4 c6 3. Nc3 e6 4. e3 Nf6 5. Nf3 Be7 6. Bd3 dxc4 7. Bxc4 Nbd7 8.
O-O b5 9. Bd3 a6 10. e4 O-O 11. a3 c5 12. e5 Nd5 13. Nxd5 exd5 14. dxc5 Nxc5
15. b4 Nxd3 16. Qxd3 Bb7 17. Nd4 Re8 18. Bb2 Qd7 19. Rfe1 Bf8 20. Re3 g6 21. f4
Bg7 22. Rae1 f5 23. Nb3 Qe7 24. Bd4 Bc8 25. Bc5 Qf7 26. Rd1 Be6 27. Nd4 Rad8
28. Qc2 Qd7 29. Red3 Bf7 30. Ra1 Ra8 31. a4 Rec8 32. Qe2 bxa4 33. Rda3 Be8 34.
Rxa4 Qxa4 35. Rxa4 Bxa4 36. Qa2 Be8 37. Qxd5+ Kh8 38. g4 fxg4 39. f5 gxf5 40.
Nxf5 Rd8 41. Qb7 Bxe5 42. Qe7 Rd1+ 43. Kf2 1-0

[Event "Mundial Juvenil 2005 s14"]
[Site "Belfort FRA"]
[Date "2005.07.24"]
[Round "6.17"]
[White "Rentsen, Erdenetulga"]
[Black "Salgado Lopez, Ivan"]
[Result "0-1"]
[WhiteElo "1599"]
[BlackElo "2340"]
[PlyCount "94"]
[EventDate "2005.07.19"]
[EventType "swiss"]
[EventRounds "11"]
[EventCountry "FRA"]
[Source "lmi"]
[SourceDate "2005.07.31"]

1. e4 c5 2. Nf3 d6 3. d4 cxd4 4. Nxd4 Nf6 5. Nc3 a6 6. a4 e5 7. Nb3 Be7 8. Be2
O-O 9. O-O Be6 10. Be3 Nc6 11. f3 Nb4 12. f4 Qc7 13. f5 Bc4 14. Bg5 Rfd8 15.
Bxc4 Qxc4 16. Rc1 d5 17. exd5 Nfxd5 18. Bxe7 Nxc3 19. Qf3 Ne2+ 20. Kh1 Nxc1 21.
Bxd8 e4 22. Qd1 Nxc2 23. Qxc1 Qxb3 24. f6 e3 25. Ba5 Re8 26. Rg1 Qd3 27. Be1
gxf6 28. Bh4 e2 29. h3 Qe4 30. Be1 Qxa4 31. Qh6 Nxe1 32. Rxe1 Qd1 33. Qh4 Qd2
34. b3 h6 35. Qg4+ Kh8 36. Qh4 Re6 37. Kh2 a5 38. Qg3 b5 39. Qb8+ Kh7 40. Qf8
Qd7 41. Qa8 Qc7+ 42. Kh1 Qc3 43. Qf8 Qxe1+ 44. Kh2 Qh1+ 45. Kxh1 e1=Q+ 46. Kh2
Qe5+ 47. Kh1 Re7 0-1

[Event "Mundial Juvenil 2005 s14"]
[Site "Belfort FRA"]
[Date "2005.07.24"]
[Round "6.18"]
[White "Cabrera Trujillo, Jorge"]
[Black "Alonso Rosell, Alvar"]
[Result "1-0"]
[WhiteElo "2059"]
[BlackElo "2156"]
[PlyCount "114"]
[EventDate "2005.07.19"]
[EventType "swiss"]
[EventRounds "11"]
[EventCountry "FRA"]
[Source "lmi"]
[SourceDate "2005.07.31"]

1. e4 c5 2. Nf3 d6 3. c3 Nf6 4. Bd3 Nc6 5. Bc2 e5 6. d3 h6 7. Nbd2 Be7 8. h3
O-O 9. Nf1 Be6 10. Ng3 Re8 11. O-O Bf8 12. Kh1 d5 13. Qe2 dxe4 14. dxe4 Qc7 15.
Nh4 a6 16. Qf3 Nh7 17. Ngf5 Qd8 18. Qg3 Kh8 19. Rd1 Qf6 20. Ne3 Rad8 21. Nd5
Bxd5 22. exd5 Ne7 23. c4 Nc8 24. Nf5 Nd6 25. Nxd6 Bxd6 26. Be4 Ng5 27. Bxg5
Qxg5 28. Qxg5 hxg5 29. Rd3 g6 30. g4 Kg7 31. a3 Rf8 32. Rf3 Rd7 33. Kg2 f6 34.
Rb1 Rdf7 35. b4 f5 36. gxf5 gxf5 37. Bc2 e4 38. Rfb3 Rc8 39. bxc5 Rxc5 40. Rb6
Be5 41. Bb3 Rcc7 42. Rd1 Rfd7 43. d6 Rc6 44. Rxc6 bxc6 45. c5 Bb2 46. Ba4 Bxa3
47. Bxc6 Rd8 48. Rd5 Kf6 49. Ba4 a5 50. c6 Bxd6 51. Rxd6+ Ke7 52. Rxd8 Kxd8 53.
Kf1 f4 54. Ke2 Kc7 55. Kd2 Kd6 56. Kc3 e3 57. fxe3 f3 1-0

[Event "Mundial Juvenil 2005 s14"]
[Site "Belfort FRA"]
[Date "2005.07.24"]
[Round "6.19"]
[White "Plaskan, Jure"]
[Black "Nabaty, Tamir"]
[Result "1-0"]
[WhiteElo "2057"]
[BlackElo "2140"]
[PlyCount "141"]
[EventDate "2005.07.19"]
[EventType "swiss"]
[EventRounds "11"]
[EventCountry "FRA"]
[Source "lmi"]
[SourceDate "2005.07.31"]

1. e4 e5 2. Nf3 Nc6 3. Bb5 Nf6 4. O-O Bc5 5. c3 O-O 6. d4 Bb6 7. Bg5 h6 8. Bxf6
Qxf6 9. Bxc6 Qxc6 10. Nxe5 Qxe4 11. Nd2 Qh7 12. Re1 d6 13. Nec4 Be6 14. Qf3 d5
15. Nxb6 axb6 16. Nf1 Rfe8 17. Ne3 Qd3 18. Rad1 Qb5 19. Rd2 Re7 20. Qe2 Qd7 21.
Qd3 Rae8 22. Rf1 Bg4 23. h3 Be6 24. b3 b5 25. Rc1 c6 26. Rf1 g6 27. Rc2 Qc7 28.
Qd2 Kh7 29. Qc1 Bd7 30. Rd1 Re4 31. Nf1 h5 32. Ng3 R4e7 33. Qg5 Qd6 34. Rcc1
Re6 35. Nf1 R8e7 36. Qg3 Qa3 37. Rc2 Rf6 38. Ne3 Re4 39. Qc7 Qe7 40. Qg3 h4 41.
Qg5 Qd6 42. c4 bxc4 43. bxc4 Bf5 44. c5 Qe7 45. Nxf5 gxf5 46. Rb2 Qe6 47. Rxb7
Rg6 48. Qh5+ Rh6 49. Qxf7+ Qxf7 50. Rxf7+ Kg6 51. Rd7 Kg5 52. a4 Rh8 53. Ra7
Rb8 54. a5 Rb4 55. Ra6 Rbxd4 56. Rxd4 Rxd4 57. Rxc6 Ra4 58. a6 Kf4 59. Rb6 Ke5
60. f4+ Rxf4 61. a7 Ra4 62. Rb7 d4 63. c6 d3 64. c7 Ra1+ 65. Kh2 d2 66. c8=Q
d1=Q 67. Re7+ Kf4 68. Qc7+ Kg5 69. Rg7+ Kh6 70. Rh7+ Kg5 71. Qe7+ 1-0

[Event "Mundial Juvenil 2005 s14"]
[Site "Belfort FRA"]
[Date "2005.07.26"]
[Round "7.1"]
[White "Matlakov, Maxim"]
[Black "Boychev, Mariyan"]
[Result "1/2-1/2"]
[WhiteElo "2399"]
[BlackElo "2240"]
[PlyCount "129"]
[EventDate "2005.07.19"]
[EventType "swiss"]
[EventRounds "11"]
[EventCountry "FRA"]
[Source "lmi"]
[SourceDate "2005.07.31"]

1. e4 c5 2. Nf3 e6 3. d4 cxd4 4. Nxd4 Nf6 5. Nc3 d6 6. Be2 Nc6 7. O-O Be7 8.
Be3 O-O 9. f4 e5 10. Nxc6 bxc6 11. Kh1 Qc7 12. Qe1 Rb8 13. Rb1 exf4 14. Bxf4
Nd7 15. Qg3 Ne5 16. Bxe5 dxe5 17. Bc4 Rb4 18. Bb3 Ba6 19. Rf3 g6 20. Qf2 Bg5
21. Na4 Bc4 22. Nc5 Bxb3 23. Na6 Qa5 24. Nxb4 Qxb4 25. axb3 Qxe4 26. Re1 Qd5
27. Rd3 Qe6 28. Qc5 Re8 29. Rd6 Qf5 30. Rxc6 Bh4 31. Rd1 Bg3 32. Rcd6 Qh5 33.
h3 Qh4 34. Qc6 Rf8 35. R6d3 Bf4 36. Rf1 f5 37. Qe6+ Kh8 38. Qd6 Re8 39. c4 e4
40. Rxf4 Qe1+ 41. Kh2 exd3 42. Qxd3 Re3 43. Qd4+ Kg8 44. Qd5+ Kg7 45. Rf3 Rxf3
46. Qb7+ Kf6 47. Qc6+ Kg7 48. Qxf3 Qe5+ 49. Qg3 Qxb2 50. Qe3 a5 51. Qe7+ Kh6
52. Qh4+ Kg7 53. Qe7+ Kh6 54. Qe3+ Kg7 55. c5 Qc2 56. Qe7+ Kh6 57. Qd6 Qxb3 58.
c6 Qc3 59. c7 a4 60. h4 Qc4 61. Qd2+ Kg7 62. Qd7+ Kh6 63. Qd2+ Kg7 64. Qb2+ Kh6
65. Qd2+ 1/2-1/2

[Event "Mundial Juvenil 2005 s14"]
[Site "Belfort FRA"]
[Date "2005.07.26"]
[Round "7.3"]
[White "Leniart, Arkadiusz"]
[Black "Feller, Sebastien"]
[Result "1/2-1/2"]
[WhiteElo "2269"]
[BlackElo "2282"]
[PlyCount "50"]
[EventDate "2005.07.19"]
[EventType "swiss"]
[EventRounds "11"]
[EventCountry "FRA"]
[Source "lmi"]
[SourceDate "2005.07.31"]

1. d4 d5 2. c4 dxc4 3. e3 Nf6 4. Bxc4 e6 5. Nf3 c5 6. O-O a6 7. Bb3 Be7 8. Nc3
Nc6 9. Qe2 cxd4 10. Rd1 e5 11. exd4 exd4 12. Nxd4 Nxd4 13. Qc4 Be6 14. Qa4+ Qd7
15. Rxd4 b5 16. Bxe6 Qxe6 17. Qd1 O-O 18. Be3 Bc5 19. Rd3 Bxe3 20. Rxe3 Qc4 21.
Qf3 Rae8 22. b3 Qd4 23. Rd3 Qe5 24. Re3 Qd4 25. Rd3 Qe5 1/2-1/2

[Event "Mundial Juvenil 2005 s14"]
[Site "Belfort FRA"]
[Date "2005.07.26"]
[Round "7.4"]
[White "Cordova, Emilio"]
[Black "Tvarijonas, Povilas"]
[Result "1-0"]
[WhiteElo "2422"]
[BlackElo "2174"]
[PlyCount "123"]
[EventDate "2005.07.19"]
[EventType "swiss"]
[EventRounds "11"]
[EventCountry "FRA"]
[Source "lmi"]
[SourceDate "2005.07.31"]

1. d4 d5 2. Bg5 g6 3. e3 Bg7 4. c4 Nf6 5. Nc3 c6 6. cxd5 Nxd5 7. Qd2 O-O 8.
Nxd5 cxd5 9. Ne2 Nc6 10. Nc3 Qa5 11. Be2 e6 12. a3 a6 13. b4 Qc7 14. O-O Bd7
15. Rfc1 Rfc8 16. Na4 f6 17. Bf4 Qd8 18. Nc5 Ra7 19. a4 Bf8 20. b5 axb5 21.
axb5 Rxa1 22. Rxa1 Nb8 23. Nxb7 Qb6 24. Na5 Be8 25. h4 Kf7 26. Qa2 Be7 27. Qb1
Bd7 28. Nb3 Bb4 29. Ra4 Be7 30. Nd2 Be8 31. Ra1 Bd7 32. Nf3 Rc3 33. Qb2 Rc8 34.
Qa2 Bd8 35. Qa7 Rc1+ 36. Kh2 Rxa1 37. Qxa1 Bxb5 38. Bxb5 Qxb5 39. Qa8 Nc6 40.
h5 Qb6 41. h6 Ne7 42. g4 g5 43. Bxg5 Ng6 44. Bh4 Nxh4 45. Nxh4 Qa5 46. Qb7+
Qc7+ 47. Qxc7+ Bxc7+ 48. f4 Ba5 49. Kg2 Be1 50. Nf3 Bb4 51. g5 Bf8 52. Kg3 Kg6
53. Kg4 Ba3 54. gxf6 Bc1 55. Ng5 Kxf6 56. Nxh7+ Kg6 57. Nf8+ Kxh6 58. Kf3 Ba3
59. Nxe6 Bd6 60. Kg4 Kg6 61. f5+ Kf6 62. Nf4 1-0

[Event "Mundial Juvenil 2005 s14"]
[Site "Belfort FRA"]
[Date "2005.07.26"]
[Round "7.5"]
[White "Kruglyakov, Pavlo"]
[Black "Pap, Gyula"]
[Result "0-1"]
[WhiteElo "2242"]
[BlackElo "2384"]
[PlyCount "90"]
[EventDate "2005.07.19"]
[EventType "swiss"]
[EventRounds "11"]
[EventCountry "FRA"]
[Source "lmi"]
[SourceDate "2005.07.31"]

1. e4 e6 2. d4 d5 3. Nc3 Bb4 4. e5 c5 5. a3 Bxc3+ 6. bxc3 Ne7 7. Qg4 O-O 8. Nf3
Nbc6 9. Bd3 f5 10. exf6 Rxf6 11. Bg5 e5 12. Qg3 Rxf3 13. gxf3 c4 14. Be2 exd4
15. Bf6 Qf8 16. Bxd4 Nf5 17. Qf4 Nfxd4 18. Qxf8+ Kxf8 19. cxd4 Nxd4 20. Kd2 Bf5
21. Bd1 Re8 22. Kc3 Nc6 23. Rb1 b6 24. Rb5 Re5 25. a4 Be6 26. Kd2 Ke7 27. c3
Kd6 28. Bc2 Rh5 29. Ke3 g5 30. Rbb1 Rh4 31. Rbg1 h6 32. Rg3 a6 33. Bg6 Ne5 34.
Bh7 Kc5 35. h3 b5 36. axb5 axb5 37. Rd1 Nc6 38. Rd2 b4 39. cxb4+ Nxb4 40. Ke2
c3 41. Rd1 d4 42. Bd3 Bc4 43. Bxc4 Kxc4 44. f4 Rxf4 45. Ra1 d3+ 0-1

[Event "Mundial Juvenil 2005 s14"]
[Site "Belfort FRA"]
[Date "2005.07.26"]
[Round "7.6"]
[White "Pereira, Ruben Miguel Nunes"]
[Black "Chirila, Ioan Cristian"]
[Result "0-1"]
[WhiteElo "2239"]
[BlackElo "2350"]
[PlyCount "78"]
[EventDate "2005.07.19"]
[EventType "swiss"]
[EventRounds "11"]
[EventCountry "FRA"]
[Source "lmi"]
[SourceDate "2005.07.31"]

1. e4 c5 2. Nf3 e6 3. d4 cxd4 4. Nxd4 a6 5. Bd3 Bc5 6. Nb3 Be7 7. O-O d6 8. Be3
Nf6 9. c4 Nbd7 10. Nc3 b6 11. f4 Bb7 12. Rc1 Qc7 13. Qf3 O-O 14. g4 Nc5 15.
Nxc5 bxc5 16. g5 Nd7 17. Qh5 g6 18. Qg4 Rfe8 19. h4 Bf8 20. h5 f5 21. Qh4 Bg7
22. Bd2 Nf8 23. Rce1 Bc6 24. Re2 Rab8 25. b3 Bd4+ 26. Kh2 Qg7 27. h6 Qb7 28.
Rfe1 Qf7 29. Qg3 Rb7 30. Bc2 Rbe7 31. e5 dxe5 32. fxe5 Rd8 33. Bf4 Qe8 34. Rd2
Bb7 35. Ne2 Bxe5 36. Rxd8 Bxf4 37. Qxf4 Qxd8 38. Qe5 Qd2 39. Rd1 Qxg5 0-1

[Event "Mundial Juvenil 2005 s14"]
[Site "Belfort FRA"]
[Date "2005.07.26"]
[Round "7.7"]
[White "Rozum, Ivan"]
[Black "Ju, Evan D"]
[Result "1/2-1/2"]
[WhiteElo "2297"]
[BlackElo "2149"]
[PlyCount "68"]
[EventDate "2005.07.19"]
[EventType "swiss"]
[EventRounds "11"]
[EventCountry "FRA"]
[Source "lmi"]
[SourceDate "2005.07.31"]

1. e4 e6 2. d4 d5 3. Nd2 Nf6 4. e5 Nfd7 5. c3 c5 6. Bd3 Nc6 7. Ndf3 cxd4 8.
cxd4 f6 9. exf6 Nxf6 10. Ne2 Qb6 11. O-O Bd6 12. Nc3 O-O 13. a3 Bd7 14. Be3
Rac8 15. h3 Na5 16. Qe2 Nc4 17. Rab1 Qc7 18. Rbc1 Nxe3 19. fxe3 Qb6 20. Bb1 g6
21. Ne5 Bxe5 22. dxe5 Nh5 23. Qd2 Ng3 24. Rxf8+ Rxf8 25. b4 Bb5 26. Nxb5 Qxb5
27. Bd3 Qd7 28. Kh2 Nf5 29. Bxf5 Rxf5 30. Qc3 Rf8 31. Qc7 Qxc7 32. Rxc7 Rf7 33.
Rc8+ Rf8 34. Rc7 Rf7 1/2-1/2

[Event "Mundial Juvenil 2005 s14"]
[Site "Belfort FRA"]
[Date "2005.07.26"]
[Round "7.8"]
[White "Hess, Robert L"]
[Black "Martinovic, Sasa"]
[Result "1/2-1/2"]
[WhiteElo "2278"]
[BlackElo "2139"]
[PlyCount "60"]
[EventDate "2005.07.19"]
[EventType "swiss"]
[EventRounds "11"]
[EventCountry "FRA"]
[Source "lmi"]
[SourceDate "2005.07.31"]

1. e4 c5 2. Nc3 Nc6 3. g3 g6 4. Bg2 Bg7 5. d3 d6 6. f4 e6 7. Nf3 Nge7 8. O-O
O-O 9. Be3 b6 10. d4 Ba6 11. Re1 Rc8 12. Bf2 cxd4 13. Nxd4 Na5 14. Qf3 e5 15.
Nb3 exf4 16. gxf4 Nc4 17. Bh3 Nxb2 18. Bxc8 Qxc8 19. Nd4 Qc4 20. Nce2 Nc6 21.
Nxc6 Qxc6 22. Ng3 f5 23. Rab1 Nc4 24. Qd3 fxe4 25. Qxe4 Qxe4 26. Nxe4 Rxf4 27.
Rbd1 Ne5 28. Bg3 Nf3+ 29. Kf2 Rf8 30. Bxd6 Rf7 1/2-1/2

[Event "Mundial Juvenil 2005 s14"]
[Site "Belfort FRA"]
[Date "2005.07.26"]
[Round "7.9"]
[White "Hansen-Cherstiouk, Alexei"]
[Black "Zhao, Nan"]
[Result "1/2-1/2"]
[WhiteElo "2019"]
[BlackElo "2276"]
[PlyCount "43"]
[EventDate "2005.07.19"]
[EventType "swiss"]
[EventRounds "11"]
[EventCountry "FRA"]
[Source "lmi"]
[SourceDate "2005.07.31"]

1. e4 c5 2. Nf3 d6 3. d4 cxd4 4. Nxd4 Nf6 5. Nc3 a6 6. Bg5 e6 7. f4 Qb6 8. Qd2
Qxb2 9. Rb1 Qa3 10. f5 Nc6 11. fxe6 fxe6 12. Nxc6 bxc6 13. Be2 Be7 14. O-O O-O
15. Rb3 Qa5 16. Nd5 Qd8 17. Nxe7+ Qxe7 18. Rd3 Qa7+ 19. Be3 Qe7 20. Bg5 Qa7+
21. Be3 Qe7 22. Bg5 1/2-1/2

[Event "Mundial Juvenil 2005 s14"]
[Site "Belfort FRA"]
[Date "2005.07.26"]
[Round "7.10"]
[White "Holvason, Juri"]
[Black "Benidze, David"]
[Result "0-1"]
[WhiteElo "1599"]
[BlackElo "2243"]
[PlyCount "74"]
[EventDate "2005.07.19"]
[EventType "swiss"]
[EventRounds "11"]
[EventCountry "FRA"]
[Source "lmi"]
[SourceDate "2005.07.31"]

1. e4 c5 2. f4 Nc6 3. Nf3 e6 4. Nc3 a6 5. d3 d6 6. g3 Nf6 7. Bg2 g6 8. O-O Bg7
9. Ne2 O-O 10. c3 Rb8 11. h3 b5 12. g4 b4 13. c4 Nd7 14. Rb1 Qa5 15. Be3 Bb7
16. Nc1 Rfd8 17. Nh4 Nd4 18. f5 d5 19. g5 dxe4 20. f6 Bh8 21. Bf4 e5 22. Bh2
Ne6 23. Qg4 Qb6 24. dxe4 h6 25. gxh6 Nxf6 26. Qe2 Nf4 27. Bxf4 exf4 28. Nd3 Nh5
29. Nxf4 Bd4+ 30. Kh2 Be5 31. Qg4 Bc8 32. Nf5 Nxf4 33. Rxf4 Bxf4+ 34. Kh1 Bxf5
35. Qxf4 Bc8 36. e5 Rd4 37. Qg5 Rd8 0-1

[Event "Mundial Juvenil 2005 s14"]
[Site "Belfort FRA"]
[Date "2005.07.26"]
[Round "7.11"]
[White "Anakidze, Gia"]
[Black "Wei, Chenpeng"]
[Result "0-1"]
[WhiteElo "1954"]
[BlackElo "2406"]
[PlyCount "35"]
[EventDate "2005.07.19"]
[EventType "swiss"]
[EventRounds "11"]
[EventCountry "FRA"]
[Source "lmi"]
[SourceDate "2005.07.31"]

1. e4 c5 2. g3 Nc6 3. Bg2 g6 4. d3 Bg7 5. f4 d6 6. Nf3 Nf6 7. O-O O-O 8. h3 b5
9. c3 b4 10. c4 Nd7 11. Qe2 Bb7 12. Nbd2 e6 13. Re1 Ne7 14. Nf1 Re8 15. Ne3 f5
16. exf5 gxf5 17. Qf2 Qb6 18. Rb1 0-1

[Event "Mundial Juvenil 2005 s14"]
[Site "Belfort FRA"]
[Date "2005.07.26"]
[Round "7.12"]
[White "Salgado Lopez, Ivan"]
[Black "Azemati, Amir"]
[Result "1-0"]
[WhiteElo "2340"]
[BlackElo "2078"]
[PlyCount "63"]
[EventDate "2005.07.19"]
[EventType "swiss"]
[EventRounds "11"]
[EventCountry "FRA"]
[Source "lmi"]
[SourceDate "2005.07.31"]

1. e4 c5 2. Nf3 d6 3. d4 cxd4 4. Nxd4 Nf6 5. Nc3 g6 6. Be3 Bg7 7. f3 O-O 8. Bc4
Nc6 9. Qd2 Bd7 10. O-O-O Rc8 11. Bb3 Ne5 12. Kb1 Nc4 13. Bxc4 Rxc4 14. g4 Qc7
15. g5 Nh5 16. Nd5 Qd8 17. Nb3 e6 18. Nf4 Nxf4 19. Bxf4 d5 20. Bd6 Re8 21. e5
Bf8 22. Bxf8 Rxf8 23. Na5 Ra4 24. Nb3 Qc7 25. f4 Rc8 26. Nd4 Qa5 27. Qxa5 Rxa5
28. h4 Rcc5 29. Rh3 Ba4 30. b3 Bd7 31. Kb2 b5 32. a3 1-0

[Event "Mundial Juvenil 2005 s14"]
[Site "Belfort FRA"]
[Date "2005.07.26"]
[Round "7.13"]
[White "Hawrami, Dana"]
[Black "Utegaliev, A."]
[Result "1/2-1/2"]
[WhiteElo "2075"]
[BlackElo "2249"]
[PlyCount "85"]
[EventDate "2005.07.19"]
[EventType "swiss"]
[EventRounds "11"]
[EventCountry "FRA"]
[Source "lmi"]
[SourceDate "2005.07.31"]

1. d4 Nf6 2. c4 c5 3. d5 e5 4. Nc3 d6 5. e4 Be7 6. g3 O-O 7. Bg2 Na6 8. Nf3 Nc7
9. O-O a6 10. a4 Nce8 11. Ne1 g6 12. Nd3 Nd7 13. Rb1 Ng7 14. f4 exf4 15. Bxf4
g5 16. Bd2 a5 17. Nb5 f6 18. Bc3 Ra6 19. Qe2 Nb8 20. Rbe1 Bd7 21. Nf2 Be8 22.
Ng4 Nd7 23. Rf2 h5 24. Ne3 Ne5 25. Bxe5 dxe5 26. Rd1 Bd6 27. Rdf1 Bg6 28. h3
Rf7 29. g4 h4 30. Nd1 Ne8 31. Ndc3 Kg7 32. Rf3 Qe7 33. R3f2 Nc7 34. Rc1 Ne8 35.
Qe3 b6 36. Nd1 Ra8 37. Qb3 Nc7 38. Nbc3 Rb8 39. Ne3 Qd7 40. Nf5+ Kh7 41. Bf1
Ne8 42. Nd1 Bxf5 43. Rxf5 1/2-1/2

[Event "Mundial Juvenil 2005 s14"]
[Site "Belfort FRA"]
[Date "2005.07.26"]
[Round "7.14"]
[White "Wagih-Abdessalem, Karim Ahmed"]
[Black "Roganovic, Milos"]
[Result "0-1"]
[WhiteElo "2064"]
[BlackElo "2228"]
[PlyCount "83"]
[EventDate "2005.07.19"]
[EventType "swiss"]
[EventRounds "11"]
[EventCountry "FRA"]
[Source "lmi"]
[SourceDate "2005.07.31"]

1. d4 d5 2. Nf3 Nf6 3. e3 c6 4. c4 e6 5. Nc3 Nbd7 6. Qc2 Bd6 7. g4 Nxg4 8. Rg1
f5 9. h3 Ngf6 10. Rxg7 Ne4 11. Bd2 Nf8 12. Rg2 Ng6 13. O-O-O Bd7 14. Be2 Nh4
15. Nxe4 fxe4 16. Nxh4 Qxh4 17. Ba5 b6 18. c5 Bc7 19. Bc3 b5 20. a4 Kf7 21.
Rdg1 Rhg8 22. Rxg8 Rxg8 23. Rxg8 Kxg8 24. axb5 Qxf2 25. bxc6 Qxe3+ 26. Bd2 Qg1+
27. Qd1 Qxd1+ 28. Kxd1 Bxc6 29. b4 Kf7 30. b5 Bd7 31. Bb4 e5 32. c6 Bxh3 33.
Bc5 Bb6 34. Bxb6 axb6 35. dxe5 Ke6 36. Bh5 Kxe5 37. Be8 Kd6 38. Ke2 d4 39. Bh5
Be6 40. Be8 Bc4+ 41. Kd2 Bxb5 42. c7 0-1

[Event "Mundial Juvenil 2005 s14"]
[Site "Belfort FRA"]
[Date "2005.07.26"]
[Round "7.16"]
[White "Kasthuri Arachchill, Akkila Kavinda"]
[Black "Pavlidis, Anastasios"]
[Result "0-1"]
[WhiteElo "1599"]
[BlackElo "2127"]
[PlyCount "20"]
[EventDate "2005.07.19"]
[EventType "swiss"]
[EventRounds "11"]
[EventCountry "FRA"]
[Source "lmi"]
[SourceDate "2005.07.31"]

1. d4 Nf6 2. c4 g6 3. Nc3 Bg7 4. e4 O-O 5. f3 Nc6 6. Bd3 e5 7. d5 Nd4 8. Nge2
c5 9. dxc6 dxc6 10. Nxd4 exd4 0-1

[Event "Mundial Juvenil 2005 s14"]
[Site "Belfort FRA"]
[Date "2005.07.26"]
[Round "7.17"]
[White "Espinosa Aranda, Angel"]
[Black "Plaskan, Jure"]
[Result "1-0"]
[WhiteElo "2108"]
[BlackElo "2057"]
[PlyCount "75"]
[EventDate "2005.07.19"]
[EventType "swiss"]
[EventRounds "11"]
[EventCountry "FRA"]
[Source "lmi"]
[SourceDate "2005.07.31"]

1. e4 c5 2. Nf3 d6 3. d4 cxd4 4. Nxd4 Nf6 5. Nc3 a6 6. Be3 e5 7. Nb3 Be6 8. f3
Nbd7 9. Qd2 b5 10. O-O-O Nb6 11. Qf2 Nfd7 12. Kb1 Qc7 13. g4 Rc8 14. Nd5 Bxd5
15. exd5 Be7 16. h4 Nc4 17. Bd3 a5 18. Nc1 a4 19. a3 b4 20. axb4 Nxb2 21. Rd2
Nc4 22. Bxc4 Qxc4 23. Na2 Rb8 24. Qe2 Qxe2 25. Rxe2 Nf6 26. Rd1 e4 27. fxe4
Nxg4 28. Bd4 f6 29. Rg1 h5 30. Kb2 Kf7 31. Ka3 Ra8 32. c4 Rhc8 33. Rc2 g5 34.
hxg5 fxg5 35. b5 Ke8 36. Nb4 Ra7 37. Nc6 Raa8 38. b6 1-0